| 000 | 00458nam a2200181Ia 4500 | ||
|---|---|---|---|
| 001 | 9452 | ||
| 005 | 20260306161719.0 | ||
| 008 | 260306t2011||||xx |||||||||||||| ||spa|| | ||
| 041 | _aESP | ||
| 082 |
_a379 _bV49 |
||
| 100 |
_aVergara Ciordia, Javier (coord.) _eAUT |
||
| 245 | 0 | _aIdeales de formación en la historia de la educación | |
| 260 | _c2011 | ||
| 300 |
_a833 páginas : _c24 cm. |
||
| 650 | _aGEN | ||
| 654 | _aCED | ||
| 942 |
_cLIB _dJUS _fJUS _2ddc _n |
||
| 999 |
_c9452 _d9452 |
||